000 01332nam a22002177a 4500
005 20180411115320.0
010 _aHIN-103999 B-689732-733
020 _a9788175660823
_c350.00
035 _aHN-76345
037 _bDBAD / PUB
082 _a921
100 _aरघुवीर सिंह 'अरविन्द'
245 _aस्वतंत्रता सेनानीःराजा महेन्द्र प्रताप /
_cरघुवीर सिंह 'अरविन्द'
246 _aSwatantrata senani:raja Mahendra Pratap
_bby Raghuveer Singh ' Arvind'
260 _aदिल्ली
_bअविराम प्रकाशन
_c2017
270 _bदिल्ली
_a29/61, गली नं-11, विश्वास नगर
_e110032
_k09873072424
300 _a152पृ.
_c22 सेमी.(सजिल्द)
500 _aबलिदानी पुस्तक
942 _2ddc
_cHN
_h921
_mरघुवी
999 _c89886
_d89886